000 02713nam a2200301 i 4500
005 20250329165508.0
007 ta
008 200622s2023 000 0 eng d
040 _aCO-CtgCURN
_bspa
_ccoctgcurn
_erda
082 0 _aTCS 2023
_bM779
100 1 _aMontes Anaya, Dina Luz,
_eauthor.
_4aut
245 1 0 _aLavado de activos en colombia, desde el periodo 2018 hasta la actualidad /
_cDina Luz Montes Anaya; Jose David Marimon; Jose Gregorio Orozco Jiménez; Tutor:Javier Hernández Royett .
260 _aCartagena de Indias :
_bCorporación Universitaria Rafael Núñez,
_c2023.
260 4 _c©2023.
300 _a28 hojas.
336 _atext
_btxt
_2rdacontent
337 _aunmediated
_bn
_2rdamedia
338 _avolume
_bnc
_2rdacarrier
502 _aTrabajo de grado (Tecnologo en contabilidad sistematizada). Corporación Universitaria Rafael Núñez. Facultad de Ciencias Administrativas y Contables. Programa de Tecnología en Contabilidad Sistematizada, 2023.
520 8 _a"La contabilidad es una herramienta que se destaca por su importancia, cuando se trata de evaluar algún fenómeno económico y también la utilidad con la cual se toman las decisiones correspondientes en una empresa. Teniendo en cuenta esto, podemos decir que la contabilidad ambiental y social posee una enorme relevancia para determinar el nivel de impacto que se presentar en la aplicación de diferentes políticas. La contabilidad ambiental y social básicamente son todas esas actividades que se encargan de los datos que resaltan la contribución de los recursos naturales que de una u otra manera afectan a la población y que van de la mano con el buen pasar económico, como, por ejemplo, los costos de todos los impuestos por contaminación que debe pagar una empresa o bien, por el agotamiento.La contabilidad social busca medir los efectos de la organización en la comunidad y en la sociedad en general, incluyendo el impacto en los empleados, los clientes, los proveedores y la comunidad en la que opera. Esto puede incluir la evaluación del impacto de las políticas de la empresa en la igualdad de género, la diversidad, la educación, la salud, la cultura y otros temas sociales."
650 0 _aContabilidad sistematizada
_xTesis y disertaciones académicas.
700 1 _aMarimon, José David.
700 1 _aOrozco Jiménez, José Gregorio .
700 1 _aHernández Royett, Javier,
_edirector.
856 7 _uhttps://unicurn.sharepoint.com/:w:/s/biblioteca/ETqFEga45HJEscXXRXxChEwB0Ef74SfxGmMlnjhCij82RA?e=IOGieW
_zClick aqui para ver el recurso en texto completo
942 _cTG
_hTCS 2023
_iM779
_aMHC
_bMHC
_2ddc
999 _c5916
_d5916